En pro y en contra : (Registro nro. 154608)
[ vista simple ]
| 000 -LEADER | |
|---|---|
| campo de control de longitud fija | 00866nam a22002055i 4500 |
| 001 - NÚMERO DE CONTROL | |
| campo de control | 154608 |
| 003 - IDENTIFICADOR DE NÚMERO DE CONTROL | |
| campo de control | ES-MaACL |
| 005 - FECHA Y HORA DE LA ÚLTIMA TRANSACCIÓN | |
| campo de control | 20241030182137.0 |
| 008 - DATOS DE LONGITUD FIJA--INFORMACIÓN GENERAL | |
| campo de control de longitud fija | 980416s1894 sp |||| | spa d |
| 100 1# - ENTRADA PRINCIPAL--NOMBRE DE PERSONA | |
| Nombre de persona | González Serrano, U., |
| Fechas asociadas al nombre | 1848-1904 |
| 9 (RLIN) | 58968 |
| 245 10 - MENCIÓN DEL TÍTULO | |
| Título | En pro y en contra : |
| Resto del título | (críticas) / |
| Mención de responsabilidad, etc. | por U. González Serrano. |
| 260 ## - PUBLICACIÓN, DISTRIBUCIÓN, ETC. | |
| Lugar de publicación, distribución, etc. | Madrid : |
| Nombre del editor, distribuidor, etc. | Librería de Victoriano Suárez, |
| Fecha de publicación, distribución, etc. | [1894] ( |
| Fabricante | Tip. Sucesores de Rivadeneyra) |
| 300 ## - DESCRIPCIÓN FÍSICA | |
| Extensión | VIII, 359, 20 p. ; |
| Dimensiones | 20 cm. |
| 530 ## - NOTA DISPONIBLE DE FORMULARIO FÍSICO ADICIONAL | |
| Nota de formato físico adicional disponible | Disponible en formato digital. |
| 852 ## - LOCALIZACIÓN | |
| Ubicación | ES-MaACL |
| Número de control de estantería | F-7424 |
| Nota libre | - Enc. pasta española |
| 856 ## - LOCALIZACIÓN Y ACCESO ELECTRÓNICOS | |
| Identificador Uniforme de Recursos | <a href="http://bdh-rd.bne.es/viewer.vm?id=0000250620&page=1 ">http://bdh-rd.bne.es/viewer.vm?id=0000250620&page=1 </a> |
| Nota pública | Biblioteca Digital Hispánica |
| 856 ## - LOCALIZACIÓN Y ACCESO ELECTRÓNICOS | |
| Identificador Uniforme de Recursos | <a href="http://ciconia.gobex.es/biblioteca/es/consulta/registro.cmd?id=4487">http://ciconia.gobex.es/biblioteca/es/consulta/registro.cmd?id=4487</a> |
| Nota pública | Biblioteca Digital del Patrimonio Cultural de Extremadura |
| 942 ## - ELEMENTOS DE ENTRADA SECUNDARIOS (KOHA) | |
| Fuente del sistema de clasificación o colocación | Clasificación decimal universal |
| Estatus retirado | Estado de pérdida | Estado de daño | No para préstamo | Colección | Biblioteca de origen | Biblioteca actual | Ubicación en estantería | Fecha de adquisición | Fuente de adquisición | Total de préstamos | Signatura topográfica completa | Código de barras | Visto por última vez | Precio de reemplazo | Tipo de ítem Koha |
|---|---|---|---|---|---|---|---|---|---|---|---|---|---|---|---|
| Colección digital | Biblioteca del Ateneo de Madrid | Biblioteca del Ateneo de Madrid | Depósito 2 | 17/01/2008 | F-7424 | 1161703 | 23/02/2023 | 23/02/2023 | Libro impreso antiguo |
